000 00480nam a2200181Ia 4500
005 20250609172029.0
008 008 250505s9999 xx 000 0 eng d
020 _a9789354437656
040 _beng
_cILCL
041 _aeng
_2eng
084 _aX:8C R3
100 _aNarayanaswamy, R.
245 0 _aFinancial Accounting: A Managerial Perspective
250 _a7
260 _aDelhi
_bPHI Learning
_c2024
300 _axxviii,417p.
942 _cTB
_2Colon Classification
999 _c1312220
_d1312220